| 000 | 00557nam a2200229Ia 4500 | ||
|---|---|---|---|
| 008 | 210210b2009 xxu||||| |||| 00| 0 eng d | ||
| 020 | _a9780070655478 | ||
| 041 | _aeng | ||
| 082 | _a338.954 SINI | ||
| 100 | _aSINGH (Ramesh) | ||
| 245 | _aIndian economy: for civil services examinations | ||
| 260 |
_aNew Delhi _bTata McGraw-Hill _c2009 |
||
| 300 | _axvi,357 | ||
| 650 | _aservices | ||
| 650 | _aIndian | ||
| 650 | _afor | ||
| 650 | _aexaminations | ||
| 650 | _aeconomy: | ||
| 650 | _acivil | ||
| 690 | _aIndian Economics | ||
| 906 | _a064433 | ||
| 999 |
_c140571 _d140571 |
||